| 000 | 00635nam a2200217Ia 4500 | ||
|---|---|---|---|
| 003 | GCL | ||
| 008 | 140319s9999 xx 000 0 ara d | ||
| 040 |
_aGCL / _cGCL |
||
| 082 | 0 | 4 |
_a813.084 _bح ق |
| 100 | 1 | _aحسن فتحى | |
| 245 | 1 | 0 |
_aقصة مشربية قصة يوطوبيا / _cحسن فتحى |
| 260 |
_a[S.N] : _bشركة المطبوعات للتوزيع والنشر ، _c1991 |
||
| 300 | _a86 ص | ||
| 490 | _a | ||
| 650 | 0 | 4 | _aالادب العربى |
| 650 | 0 | 4 | _aالقصص العربية |
| 650 | 0 | 4 | _aمصر |
| 650 | 0 | 4 | _aالعمارة الاسلامية |
| 650 | 0 | 4 | _aحسن فتحى |
| 942 |
_2ddc _cBK |
||
| 999 |
_c28162 _d28162 |
||